000 nam a22 a 4500
999 _c809
_d809
003 AKMAL
005 20170505131342.0
008 170505 1969 ii 000 eng d
040 _aAKMAL
082 _a297.1 KAR
090 _a297.1
_bKAR
100 1 _aKarandikar, Maheshwar Anant,
_d1909-
_91761
245 1 0 _aIslam in India's transition to modernity /
_c[by] M.A. Karandikar ; foreword by Achyut patwardhan.
260 _aWestport, Conn. :
_bGreewood,
_c1969.
300 0 0 _axix,414p. ;
_c22cm.
504 _aIncludes bibliographical references.
650 _aMuslims in India
_91762
651 _aIndia
_xPol. & govt.
_y1765-1947.
_91763
942 _2ddc
_cBOOK